| 000 | 01683cam a22004814i 4500 | ||
|---|---|---|---|
| 003 | PE-LiUPU | ||
| 005 | 20250731173458.0 | ||
| 008 | 150616s1992 mau rb 000 0 eng d | ||
| 020 | _a0943575923 | ||
| 035 | _a(Sirsi) i9780943575926 | ||
| 040 |
_aPE-LiUPU _bspa _cPE-LiUPU _erda |
||
| 049 | _aPRUA | ||
| 082 | 0 | 4 |
_a225.66 _bL96 _221 |
| 100 | 1 |
_aLund, Nils Wilhelm, _eautor. |
|
| 245 | 1 | 0 |
_aChiasmus in The New Testament / _cNils Wilhelm Lund. |
| 264 | 1 |
_aMassachusetts : _bHendrickson Publishers, _c1992. |
|
| 300 |
_a428 páginas ; _c22 centímetros |
||
| 336 |
_atext _2rdacontent |
||
| 337 |
_aunmediated _2rdamedia |
||
| 338 |
_avolume _2rdacarrier |
||
| 504 | _aIncluye bibliografía. | ||
| 505 | 0 | _aThe Old Testament -- The epistles of Paul -- The Gospels -- The book of Revelation. | |
| 526 | _aSEG42 | ||
| 526 | _aSEG41 | ||
| 526 | _aSEG40 | ||
| 526 | _aSEG39 | ||
| 526 | _aP94 | ||
| 526 | _aP87 | ||
| 526 | _aP86 | ||
| 526 | _aP85 | ||
| 526 | _aP77 | ||
| 526 | _aP76 | ||
| 526 | _aP35 | ||
| 630 |
_aBiblia. _pN.T. _xCrítica, interpretación, etc. |
||
| 630 |
_aBiblia. _pN.T. _xLenguaje y estilo. |
||
| 910 |
_ajck _bjvq _cjck |
||
| 942 |
_2ddc _cBOOK |
||
| 949 |
_a225.66 L96 _wDEWEY _c1 _i40177 _d2016-11-29 _e2016-11-29 _lCCODEBUL1 _mBUL _n1 _r0 _sY _tBOOK _u2015-6-16 _xTEOLOGIA _zUNKNOWN _0COMPRA _o.STAFF. Colección General |
||
| 994 |
_aC0 _bPEPRU |
||
| 596 | _a1 | ||
| 999 |
_a225.66 L96 _wDEWEY _c57970 _i40177 _d57970 _e2016-11-29 _f2021-11-9 _g5 _lCCODEBUL1 _mBUL _n1 _p72.00 _r0 _sY _tBOOK _u2015-6-16 _xTEOLOGIA _zUNKNOWN _0COMPRA _o.STAFF. Colección Teología |
||
| 980 |
_81 _gALBERTO SANCHEZ Responsable de Automatización |
||